Espías : (Registro nro. 11221)

Detalles MARC
000 -LIDER
fixed length control field 01022nam a2200325 b 4500
001 - NÚMERO DE CONTROL
Identificador de número de control 0000624
003 - IDENTIFICACDOR DE NÚMERO DE CONTROL
control field DO-SdBPM
005 - DATE AND TIME OF LATEST TRANSACTION
control field 20250526111702.0
007 - CAMPOS FIJOS DE DESCRIPCIÓN FÍSICA
fixed length control field 0000624
008 - ELEMENTOS DE LONGITUD FIJA
fixed length control field 0506171995 sp spa
017 ## - NÚMERO DE REGISTRO DE DERECHOS DE AUTOR
Copyright or legal deposit number
Assigning agency
020 ## - ISBN
International Standard Book Number 8478805648
035 ## - NÚMERO LOCAL
System control number
040 ## - FUENTE DE CATALOGACIÓN
Agencia que crea de manera original el registro DO-SdBPM
Idioma de catalogación spa
Agencia que realiza la transcripción BPMSU
Convenciones de la despripción
082 #4 - NÚMERO DE CLASIFICACIÓN DECIMAL DE DEWEY
Classification number 363.283
Item number R918e 1995
Edition number 22
100 1# - ASIENTO PRINCIPAL -- NOMBRE PERSONAL
Nombre personal Rueda, Fernando
245 10 - MENCIÓN DE TITULO
Título Espías :
Subtítulo escuchas, dossiers, montajes... el mercado negro de la información en España /
Medio (Designación general de material)
Mención de responsabilidad Fernando Rueda, Elena Pradas
260 ## - PUBLICACIÓN, DISTRIBUCIÓN, ETC. (PIE DE IMPRENTA)
Lugar de publicación, distribución, etc Madrid :
Nombre del editor, distribuidor, etc. Temas de hoy,
Fecha de publicación, distribución, etc 1995.
300 ## - DESCRIPCIÓN FÍSICA
Extensión 365 p. :
Dimensiones 23 cm
490 1# - MENCIÓN DE SERIES
Mención de serie Grandes temas
500 ## - NOTA GENERAL
Nota general Incluye lista de espías.
500 ## - NOTA GENERAL
Nota general Incluye índice onomástico.
650 #4 - ENCABEZAMIENTO DE MATERIA--TEMÁTICO
Término temático o nombre geográfico como elemento de entrada Servicio Secreto.
Subdivisión geográfica
650 #4 - ENCABEZAMIENTO DE MATERIA--TEMÁTICO
Término temático o nombre geográfico como elemento de entrada Periodismo de investigación.
Subdivisión geográfica
650 #4 - ENCABEZAMIENTO DE MATERIA--TEMÁTICO
Término temático o nombre geográfico como elemento de entrada Medios de comunicación
Subdivisión temática general Aspectos políticos.
Subdivisión geográfica
651 #4 - ENCABEZAMIENTO DE MATERIA--NOMBRE GEOGRÁFICO
Nombre geográfico España
Subdivisión temática general Política y gobierno
700 1# - ASIENTO SECUNDARIO -- NOMBRE PERSONAL
Nombre personal Pradas, Elena
Mención de responsabilidad autor
910 ## - VALIDACIÓN
Validación VMateo V. Control de calidad. BPMSU
942 ## - ADDED ENTRY ELEMENTS (KOHA)
Source of classification or shelving scheme Dewey Decimal Classification
Koha item type Libros
Existencias
Withdrawn status Lost status Source of classification or shelving scheme Damaged status Not for loan Collection code Home library Current library Date acquired Source of acquisition Total Checkouts Full call number Barcode Date last seen Price effective from Koha item type
    Dewey Decimal Classification     Colección General Biblioteca Pública Metropolitana Salomé Ureña Biblioteca Pública Metropolitana Salomé Ureña 08/30/2016 FUNDI   BPMSU CG 363.283 R918e 1995 BPMSU16080272 08/30/2016 08/30/2016 Libros